000 00231nam a22001217a 4500
082 _a671.5202AWS
100 _aAws
245 _aWelding hand book
250 _aVol I
260 _aAmerican
_c1976
300 _a373
942 _cBK
999 _c12306
_d12306